00319 2200133 4500001002100000005001500021035002000036245005700056300001100113260002900124082000800153084001200161990001200173INLIS00000000000308320250930091756 a0010-0925000430 a500 Peribahasa Indonesia Untuk SD, SMP,SMA, dan Umum a61 hlm aJakarta :bPutra Sanjaya a400 a400 LIM a0755556